<?xml version="1.0" encoding="UTF-8"?>
<record
    xmlns:xsi="http://www.w3.org/2001/XMLSchema-instance"
    xsi:schemaLocation="http://www.loc.gov/MARC21/slim http://www.loc.gov/standards/marcxml/schema/MARC21slim.xsd"
    xmlns="http://www.loc.gov/MARC21/slim">

  <leader>02957nam a22003977a 4500</leader>
  <controlfield tag="005">20101004121328.0</controlfield>
  <datafield tag="010" ind1=" " ind2=" ">
    <subfield code="a">HIN-90738      B-442090-098</subfield>
  </datafield>
  <datafield tag="020" ind1=" " ind2=" ">
    <subfield code="c">160.00</subfield>
    <subfield code="a">9789380146720</subfield>
  </datafield>
  <datafield tag="035" ind1=" " ind2=" ">
    <subfield code="a">HN-63084</subfield>
  </datafield>
  <datafield tag="035" ind1=" " ind2=" ">
    <subfield code="a">B-442090-098</subfield>
  </datafield>
  <datafield tag="037" ind1=" " ind2=" ">
    <subfield code="b">DBAD / PUB</subfield>
  </datafield>
  <datafield tag="037" ind1=" " ind2=" ">
    <subfield code="b">&#x92C;&#x932;&#x94D;&#x92F;&#x942;&#x92C;&#x947;&#x930;&#x940;</subfield>
  </datafield>
  <datafield tag="082" ind1=" " ind2=" ">
    <subfield code="a">&#x909;</subfield>
  </datafield>
  <datafield tag="100" ind1=" " ind2=" ">
    <subfield code="a">&#x938;&#x939;&#x917;&#x932;, &#x92A;&#x94D;&#x930;&#x924;&#x93E;&#x92A;</subfield>
    <subfield code="9">33034</subfield>
  </datafield>
  <datafield tag="245" ind1=" " ind2=" ">
    <subfield code="a">&#x92A;&#x94D;&#x930;&#x93F;&#x92F;&#x915;&#x93E;&#x902;&#x924; /</subfield>
    <subfield code="c">&#x92A;&#x94D;&#x930;&#x924;&#x93E;&#x92A; &#x938;&#x939;&#x917;&#x932;</subfield>
  </datafield>
  <datafield tag="246" ind1=" " ind2=" ">
    <subfield code="a">Priyakant</subfield>
    <subfield code="b">by Pratap Sehgal</subfield>
  </datafield>
  <datafield tag="260" ind1=" " ind2=" ">
    <subfield code="a">&#x928;&#x92F;&#x940; &#x926;&#x93F;&#x932;&#x94D;&#x932;&#x940;</subfield>
    <subfield code="b">&#x915;&#x93F;&#x924;&#x93E;&#x92C;&#x918;&#x930; &#x92A;&#x94D;&#x930;&#x915;&#x93E;&#x936;&#x928;</subfield>
    <subfield code="c">2010</subfield>
  </datafield>
  <datafield tag="270" ind1=" " ind2=" ">
    <subfield code="a">4855-56/24, &#x905;&#x902;&#x938;&#x93E;&#x930;&#x940; &#x930;&#x94B;&#x921;&#x93C;, &#x926;&#x930;&#x93F;&#x92F;&#x93E;&#x917;&#x902;&#x91C;</subfield>
    <subfield code="b">&#x928;&#x92F;&#x940; &#x926;&#x93F;&#x932;&#x94D;&#x932;&#x940;</subfield>
    <subfield code="e">110002</subfield>
  </datafield>
  <datafield tag="300" ind1=" " ind2=" ">
    <subfield code="a">111&#x92A;&#x943;.</subfield>
    <subfield code="c">22&#x938;&#x947;&#x92E;&#x940; (&#x938;&#x91C;&#x93F;&#x932;&#x94D;&#x926;)</subfield>
  </datafield>
  <datafield tag="650" ind1=" " ind2=" ">
    <subfield code="a">&#x939;&#x93F;&#x928;&#x94D;&#x926;&#x940; &#x909;&#x92A;&#x928;&#x94D;&#x92F;&#x93E;&#x938;</subfield>
    <subfield code="9">33035</subfield>
  </datafield>
  <datafield tag="650" ind1=" " ind2=" ">
    <subfield code="a">Hindi Novel</subfield>
    <subfield code="9">33036</subfield>
  </datafield>
  <datafield tag="700" ind1=" " ind2=" ">
    <subfield code="9">22273</subfield>
  </datafield>
  <datafield tag="700" ind1=" " ind2=" ">
    <subfield code="9">22352</subfield>
  </datafield>
  <datafield tag="942" ind1=" " ind2=" ">
    <subfield code="2">ddc</subfield>
    <subfield code="c">HN</subfield>
    <subfield code="h">&#x909;</subfield>
    <subfield code="m">&#x938;&#x939;&#x917;</subfield>
  </datafield>
  <datafield tag="999" ind1=" " ind2=" ">
    <subfield code="c">48131</subfield>
    <subfield code="d">48131</subfield>
  </datafield>
  <datafield tag="952" ind1=" " ind2=" ">
    <subfield code="0">0</subfield>
    <subfield code="1">0</subfield>
    <subfield code="2">ddc</subfield>
    <subfield code="4">0</subfield>
    <subfield code="7">1</subfield>
    <subfield code="8">FIC</subfield>
    <subfield code="a">DBAD</subfield>
    <subfield code="b">DBAD</subfield>
    <subfield code="d">2010-10-04</subfield>
    <subfield code="e">DBAD / PUB</subfield>
    <subfield code="g">160.00</subfield>
    <subfield code="l">0</subfield>
    <subfield code="o">&#x909; &#x938;&#x939;&#x917;</subfield>
    <subfield code="p">HN-63084</subfield>
    <subfield code="r">2010-10-04 00:00:00</subfield>
    <subfield code="t">1</subfield>
    <subfield code="v">160.00</subfield>
    <subfield code="w">2010-10-04</subfield>
    <subfield code="y">HN</subfield>
  </datafield>
  <datafield tag="952" ind1=" " ind2=" ">
    <subfield code="0">0</subfield>
    <subfield code="1">0</subfield>
    <subfield code="4">0</subfield>
    <subfield code="7">0</subfield>
    <subfield code="8">FIC</subfield>
    <subfield code="a">L</subfield>
    <subfield code="b">L</subfield>
    <subfield code="d">2011-08-18</subfield>
    <subfield code="e">&#x92C;&#x932;&#x94D;&#x92F;&#x942;&#x92C;&#x947;&#x930;&#x940;/6677/30.5.2011/79/15.3.11/13.711</subfield>
    <subfield code="g">160.00</subfield>
    <subfield code="l">1</subfield>
    <subfield code="m">1</subfield>
    <subfield code="o">&#x909; &#x938;&#x939;&#x917;</subfield>
    <subfield code="p">B-442090</subfield>
    <subfield code="r">2023-06-15 00:00:00</subfield>
    <subfield code="s">2023-05-24</subfield>
    <subfield code="t">2</subfield>
    <subfield code="v">160.00</subfield>
    <subfield code="w">2011-08-18</subfield>
    <subfield code="y">HN</subfield>
  </datafield>
  <datafield tag="952" ind1=" " ind2=" ">
    <subfield code="0">0</subfield>
    <subfield code="1">0</subfield>
    <subfield code="4">0</subfield>
    <subfield code="7">0</subfield>
    <subfield code="8">FIC</subfield>
    <subfield code="a">L</subfield>
    <subfield code="b">L</subfield>
    <subfield code="d">2011-08-18</subfield>
    <subfield code="e">&#x92C;&#x932;&#x94D;&#x92F;&#x942;&#x92C;&#x947;&#x930;&#x940;/6677/30.5.2011/79/15.3.11/13.711</subfield>
    <subfield code="g">160.00</subfield>
    <subfield code="l">0</subfield>
    <subfield code="o">&#x909; &#x938;&#x939;&#x917;</subfield>
    <subfield code="p">B-442091</subfield>
    <subfield code="r">2011-08-18 00:00:00</subfield>
    <subfield code="t">2</subfield>
    <subfield code="v">160.00</subfield>
    <subfield code="w">2011-08-18</subfield>
    <subfield code="y">HN</subfield>
  </datafield>
  <datafield tag="952" ind1=" " ind2=" ">
    <subfield code="0">0</subfield>
    <subfield code="1">0</subfield>
    <subfield code="4">0</subfield>
    <subfield code="7">0</subfield>
    <subfield code="8">FIC</subfield>
    <subfield code="a">BL1</subfield>
    <subfield code="b">BL1</subfield>
    <subfield code="d">2011-08-18</subfield>
    <subfield code="e">&#x92C;&#x932;&#x94D;&#x92F;&#x942;&#x92C;&#x947;&#x930;&#x940;/6677/30.5.2011/79/15.3.11/13.711</subfield>
    <subfield code="g">160.00</subfield>
    <subfield code="l">1</subfield>
    <subfield code="o">&#x909; &#x938;&#x939;&#x917;</subfield>
    <subfield code="p">B-442092</subfield>
    <subfield code="r">2021-01-22 00:00:00</subfield>
    <subfield code="s">2021-01-14</subfield>
    <subfield code="t">1</subfield>
    <subfield code="v">160.00</subfield>
    <subfield code="w">2011-08-18</subfield>
    <subfield code="y">HN</subfield>
  </datafield>
  <datafield tag="952" ind1=" " ind2=" ">
    <subfield code="0">0</subfield>
    <subfield code="1">0</subfield>
    <subfield code="4">0</subfield>
    <subfield code="7">0</subfield>
    <subfield code="8">FIC</subfield>
    <subfield code="a">KGM</subfield>
    <subfield code="b">KGM</subfield>
    <subfield code="d">2011-08-18</subfield>
    <subfield code="e">&#x92C;&#x932;&#x94D;&#x92F;&#x942;&#x92C;&#x947;&#x930;&#x940;/6677/30.5.2011/79/15.3.11/13.711</subfield>
    <subfield code="g">160.00</subfield>
    <subfield code="l">0</subfield>
    <subfield code="o">&#x909; &#x938;&#x939;&#x917;</subfield>
    <subfield code="p">B-442093</subfield>
    <subfield code="r">2011-08-18 00:00:00</subfield>
    <subfield code="t">1</subfield>
    <subfield code="v">160.00</subfield>
    <subfield code="w">2011-08-18</subfield>
    <subfield code="y">HN</subfield>
  </datafield>
  <datafield tag="952" ind1=" " ind2=" ">
    <subfield code="0">0</subfield>
    <subfield code="1">0</subfield>
    <subfield code="4">0</subfield>
    <subfield code="7">0</subfield>
    <subfield code="8">FIC</subfield>
    <subfield code="a">PR</subfield>
    <subfield code="b">PR</subfield>
    <subfield code="d">2011-08-18</subfield>
    <subfield code="e">&#x92C;&#x932;&#x94D;&#x92F;&#x942;&#x92C;&#x947;&#x930;&#x940;/6677/30.5.2011/79/15.3.11/13.711</subfield>
    <subfield code="g">160.00</subfield>
    <subfield code="l">0</subfield>
    <subfield code="o">&#x909; &#x938;&#x939;&#x917;</subfield>
    <subfield code="p">B-442094</subfield>
    <subfield code="r">2011-08-18 00:00:00</subfield>
    <subfield code="t">1</subfield>
    <subfield code="v">160.00</subfield>
    <subfield code="w">2011-08-18</subfield>
    <subfield code="y">HN</subfield>
  </datafield>
  <datafield tag="952" ind1=" " ind2=" ">
    <subfield code="0">0</subfield>
    <subfield code="1">0</subfield>
    <subfield code="4">0</subfield>
    <subfield code="7">0</subfield>
    <subfield code="8">FIC</subfield>
    <subfield code="a">CJ</subfield>
    <subfield code="b">CJ</subfield>
    <subfield code="d">2011-08-18</subfield>
    <subfield code="e">&#x92C;&#x932;&#x94D;&#x92F;&#x942;&#x92C;&#x947;&#x930;&#x940;/6677/30.5.2011/79/15.3.11/13.711</subfield>
    <subfield code="g">160.00</subfield>
    <subfield code="l">0</subfield>
    <subfield code="o">&#x909; &#x938;&#x939;&#x917;</subfield>
    <subfield code="p">B-442095</subfield>
    <subfield code="r">2011-08-18 00:00:00</subfield>
    <subfield code="t">1</subfield>
    <subfield code="v">160.00</subfield>
    <subfield code="w">2011-08-18</subfield>
    <subfield code="y">HN</subfield>
  </datafield>
  <datafield tag="952" ind1=" " ind2=" ">
    <subfield code="0">0</subfield>
    <subfield code="1">0</subfield>
    <subfield code="4">0</subfield>
    <subfield code="7">0</subfield>
    <subfield code="8">FIC</subfield>
    <subfield code="a">JP</subfield>
    <subfield code="b">JP</subfield>
    <subfield code="d">2011-08-18</subfield>
    <subfield code="e">&#x92C;&#x932;&#x94D;&#x92F;&#x942;&#x92C;&#x947;&#x930;&#x940;/6677/30.5.2011/79/15.3.11/13.711</subfield>
    <subfield code="g">160.00</subfield>
    <subfield code="l">7</subfield>
    <subfield code="o">&#x909; &#x938;&#x939;&#x917;</subfield>
    <subfield code="p">B-442096</subfield>
    <subfield code="r">2020-01-25 00:00:00</subfield>
    <subfield code="s">2020-01-11</subfield>
    <subfield code="t">1</subfield>
    <subfield code="v">160.00</subfield>
    <subfield code="w">2011-08-18</subfield>
    <subfield code="y">HN</subfield>
  </datafield>
  <datafield tag="952" ind1=" " ind2=" ">
    <subfield code="0">0</subfield>
    <subfield code="1">0</subfield>
    <subfield code="4">0</subfield>
    <subfield code="7">0</subfield>
    <subfield code="8">FIC</subfield>
    <subfield code="a">ZLS</subfield>
    <subfield code="b">ZLS</subfield>
    <subfield code="d">2011-08-18</subfield>
    <subfield code="e">&#x92C;&#x932;&#x94D;&#x92F;&#x942;&#x92C;&#x947;&#x930;&#x940;/6677/30.5.2011/79/15.3.11/13.711</subfield>
    <subfield code="g">160.00</subfield>
    <subfield code="l">0</subfield>
    <subfield code="o">&#x909; &#x938;&#x939;&#x917;</subfield>
    <subfield code="p">B-442097</subfield>
    <subfield code="r">2011-08-18 00:00:00</subfield>
    <subfield code="t">1</subfield>
    <subfield code="v">160.00</subfield>
    <subfield code="w">2011-08-18</subfield>
    <subfield code="y">HN</subfield>
  </datafield>
  <datafield tag="952" ind1=" " ind2=" ">
    <subfield code="0">0</subfield>
    <subfield code="1">0</subfield>
    <subfield code="4">0</subfield>
    <subfield code="7">0</subfield>
    <subfield code="8">FIC</subfield>
    <subfield code="a">NR</subfield>
    <subfield code="b">NR</subfield>
    <subfield code="d">2011-08-18</subfield>
    <subfield code="e">&#x92C;&#x932;&#x94D;&#x92F;&#x942;&#x92C;&#x947;&#x930;&#x940;/6677/30.5.2011/79/15.3.11/13.711</subfield>
    <subfield code="g">160.00</subfield>
    <subfield code="l">0</subfield>
    <subfield code="o">&#x909; &#x938;&#x939;&#x917;</subfield>
    <subfield code="p">B-442098</subfield>
    <subfield code="r">2011-08-18 00:00:00</subfield>
    <subfield code="t">1</subfield>
    <subfield code="v">160.00</subfield>
    <subfield code="w">2011-08-18</subfield>
    <subfield code="y">HN</subfield>
  </datafield>
</record>
